000 01588nam a2200421Ii 4500
001 DIGVERBUM1518
003 NyNyDIG
006 m o d
007 cr |||||||||||
008 250204s2021 sp o 000 f spa d
035 _a(OCoLC)1500527455
040 _aDGITA
_beng
_erda
_epn
_cDGITA
020 _z9788413377223
050 1 4 _aPQ7392.R53 ebook
100 1 _aRicardo, Arianna,
_eauthor,
_eillustrator.
245 1 0 _aCleopatra :
_breina del Nilo /
_ctexto e ilustraciones, Arianna Ricardo.
264 1 _aLa Poveda (Arganda del Rey), Madrid :
_bEditorial Verbum,
_c[2021]
300 _a1 online resource.
336 _astill image
_bsti
_2rdacontent
336 _atext
_btxt
_2rdacontent
337 _acomputer
_bc
_2rdamedia
338 _aonline resource
_bcr
_2rdacarrier
347 _atext file
_2rdaft
347 _bPDF
490 1 _aVerbum infantil-juvenil
490 1 _aFamosos en cómic
588 0 _aOnline resource; title from PDF title page (Digitalia, viewed February 4, 2025)
600 0 0 _aCleopatra,
_cQueen of Egypt,
_d-30 B.C.
_vComic books, strips, etc.
655 7 _aGraphic novels.
_2lcgft
791 2 _aDigitalia (Firm),
_edistributor.
793 0 _gDigitalia eBook Collection:
_aVerbum
776 0 8 _iPrint version:
_aRicardo, Arianna.
_tCleopatra.
_dLa Poveda (Arganda del Rey), Madrid : Editorial Verbum, [2021]
_z9788413377223
830 0 _aVerbum infantil-juvenil.
830 0 _aFamosos en cómic.
856 4 0 _3Digitalia Hispánica
_uhttps://www.digitaliapublishing.com/a/138981/
910 _aPremium collection: 2025
942 _cRAA
999 _c285174
_d285174